000 00762nam a2200217Ia 4500
001 17219
003 GE_BSU
008 181216s||||||||xx |||||||||||||| ||und||
040 _cGE_BSU
080 _a632.9
100 _aგეგენავა, გრიგოლ
245 _aზოგიერთი სიახლე მცენარეთა დაცვაში
245 _cრედ. ვ.მალანია
260 _aთბილისი
260 _bსაბჭ. საქართველო
260 _c1983
300 _a109გვ. ; 16სმ.
653 _aზოგიერთი სიახლე მცენარეთა დაცვაში
653 _aმცენარეთა დაცვა
942 _cBK
999 _c50280
_d50280